Discrete mathematics for computer science

Αποθηκεύτηκε σε:
Λεπτομέρειες βιβλιογραφικής εγγραφής
Κύριος συγγραφέας: Haggard, Gary
Άλλοι συγγραφείς: Schlipf, John, Whitesides, Sue H. 1946-
Μορφή: Βιβλίο
Γλώσσα:English
Δημοσίευση: Australia : Thomson Brooks/Cole, c2006
Θέματα:
Ετικέτες: Προσθήκη ετικέτας
Δεν υπάρχουν, Καταχωρήστε ετικέτα πρώτοι!

MARC

LEADER 00000nam a2200000 i 4500
001 1/71675
008 080122s2006 eng d
020 |a 0-534-49501-X 
035 |l 10093960 
040 |a GR-MY-UA  |b gre  |e aacr 
041 0 |a eng 
082 0 |a 510  |2 (22) 
100 1 |a Haggard, Gary. 
245 1 0 |a Discrete mathematics for computer science /  |c Gary Haggard, John Schlipf, Sue Whitesides 
260 |a Australia :   |b Thomson Brooks/Cole,   |c c2006 
300 |a xxiii, 600 σ.;  |b εικ.;  |c 24 εκ.+  |e 1 οπτική δισκέτα λέϊζερ Η/Υ (4 3/4 ίν.) 
504 |a Περιλαμβάνει ευρετήριο 
650 0 0 |a Mathematics. 
650 0 0 |a Computer science  |x Mathematics. 
700 1 |a Schlipf, John. 
700 1 |a Whitesides, Sue H.  |d 1946- 
852 |a INST  |b SYROS  |e 20080122  |h 510 HAG  |p 005500006702  |q 005500006702  |t BK  |y 0 
852 |a INST  |b SYROS  |e 20080122  |h 510 HAG   |p 005500006694  |q 005500006694  |t BK  |y 0 
901 |a BIBL5-2008-1 
909 |a Ε  |b 140711 
909 |a Ε  |b 133414 
922 |a 5ΕΛΗ  |b 200711  |c ΕΠΕΑΕΚ2/ΤΜΣΠΣ  |d ΠΑΠΑΣΩΤΗΡΙΟΥ 
970 |a ΚΟΝΤΟΥ  |b ΠΑΡΑΣΚΕΥΗ  |z 2008/01/22